|
|
|
|
| LEADER |
00000nam0a2200000 4500 |
| 001 |
198055 |
| 005 |
20231031183721.0 |
| 010 |
|
|
|a 9785459004397
|
| 035 |
|
|
|a (RuTPU)RU\TPU\book\216028
|
| 035 |
|
|
|a RU\TPU\book\148669
|
| 035 |
|
|
|a RU\TPU\book\133977
|
| 035 |
|
|
|a RU\TPU\book\203903
|
| 090 |
|
|
|a 198055
|
| 100 |
|
|
|a 20101124d2011 m y0rusy50 ca
|
| 101 |
0 |
|
|a rus
|
| 102 |
|
|
|a RU
|
| 105 |
|
|
|a a j 001zy
|
| 200 |
1 |
|
|a Информатика. Базовый курс
|e учебное пособие для бакалавров и специалистов втузов
|f под ред. С. В. Симоновича
|
| 205 |
|
|
|a 3-е изд.
|
| 210 |
|
|
|a СПб.
|c Питер
|d 2011
|
| 215 |
|
|
|a 640 с.
|c ил.
|
| 225 |
1 |
|
|a Учебник для вузов
|
| 225 |
1 |
|
|a Стандарт третьего поколения
|
| 320 |
|
|
|a Библиогр.: с. 631-632.
|
| 320 |
|
|
|a Алфавитный указатель: с. 633-639.
|
| 330 |
|
|
|a В учебнике рассмотрены основные категории аппаратных и программных средств вычислительной техники. Указаны базовые принципы построения архитектур вычислительных систем. Обеспечено методическое обоснование процессов взаимодействия информации, данных и методов. Приведены эффективные приемы работы с распространенными программными продуктами. Рассмотрены основные средства, приемы и методы программирования. Книга предназначена для студентов технических вузов, изучающих информационные технологии в рамках дисциплины «Информатика», для преподавательского состава, для слушателей военных учебных заведений, учреждений системы повышения квалификации и для лиц, изучающих средства вычислительной техники самостоятельно. Третье издание учебника полностью обновлено в соответствии с современной ситуацией в области аппаратных и программных средств, в частности в книге рассмотрена работа в Microsoft Windows 7 и Office 2010. Рекомендовано Министерством образования и науки Российской Федерации в качестве учебного пособия для студентов высших технических учебных заведений.
|
| 451 |
|
1 |
|0 (RuTPU)RU\TPU\book\203903
|y 978-5-94723-752-8
|t Информатика. Базовый курс
|o учебное пособие для втузов
|f под ред. С. В. Симоновича
|e 2-е изд.
|c СПб.
|n Питер
|d 2009
|p 640 с.
|s Учебник для вузов
|
| 606 |
1 |
|
|a Информатика
|2 stltpush
|3 (RuTPU)RU\TPU\subj\36202
|
| 610 |
1 |
|
|a информация
|
| 610 |
1 |
|
|a вычислительная техника
|
| 610 |
1 |
|
|a персональные компьютеры
|
| 610 |
1 |
|
|a устройство
|
| 610 |
1 |
|
|a операционные системы
|
| 610 |
1 |
|
|a функции
|
| 610 |
1 |
|
|a компьютерные сети
|
| 610 |
1 |
|
|a Интернет
|
| 610 |
1 |
|
|a компьютерная безопасность
|
| 610 |
1 |
|
|a текстовые документы
|
| 610 |
1 |
|
|a базы данных
|
| 610 |
1 |
|
|a компьютерная графика
|
| 610 |
1 |
|
|a векторные редакторы
|
| 610 |
1 |
|
|a документы
|
| 610 |
1 |
|
|a обработка
|
| 610 |
1 |
|
|a автоматизация
|
| 610 |
1 |
|
|a научно-исследовательские работы
|
| 610 |
1 |
|
|a программирование
|
| 610 |
1 |
|
|a языки программирования
|
| 610 |
1 |
|
|a Бейсик
|
| 610 |
1 |
|
|a Паскаль
|
| 610 |
1 |
|
|a СИ++
|
| 610 |
1 |
|
|a Windows XP
|
| 610 |
1 |
|
|a World Wide Web
|
| 610 |
1 |
|
|a Internet Explorer 6.0
|
| 610 |
1 |
|
|a Microsoft Word
|
| 610 |
1 |
|
|a Excel
|
| 610 |
1 |
|
|a Microsoft Access 2002
|
| 610 |
1 |
|
|a CorelDRAW
|
| 610 |
1 |
|
|a MathCAD
|
| 610 |
1 |
|
|a HTML
|
| 610 |
1 |
|
|a FrontPage
|
| 610 |
1 |
|
|a Web-документы
|
| 610 |
1 |
|
|a учебные пособия
|
| 675 |
|
|
|a 004(075.8)
|v 4
|
| 702 |
|
1 |
|a Симонович
|b С. В.
|g Сергей Витальевич
|4 340
|
| 801 |
|
1 |
|a RU
|b 63413507
|c 20110623
|
| 801 |
|
2 |
|a RU
|b 63413507
|c 20210623
|g RCR
|
| 900 |
|
|
|a Информатика
|
| 942 |
|
|
|c BK
|
| 952 |
|
|
|l 8
|
| 959 |
|
|
|a 52/20110518
|d 20
|e 0,00
|f ЧЗТЛ:1
|f АНЛ:1
|f УФ:18
|
| 959 |
|
|
|a 76/20110909
|d 50
|e 230,00
|f УФ:50
|